Normal view
MARC view
- Collings, Steve
Entry Personal Name
001 - CONTROL NUMBER
- control field: 115904
003 - CONTROL NUMBER IDENTIFIER
- control field: NUST
005 - DATE AND TIME OF LATEST TRANSACTION
- control field: 20230912165645.0
008 - FIXED-LENGTH DATA ELEMENTS
- fixed length control field: 230912|| aca||aabn | a|a d
040 ## - CATALOGING SOURCE
- Original cataloging agency: NUST
- Transcribing agency: NUST
100 ## - HEADING--PERSONAL NAME
- Personal name: Collings, Steve
670 ## - SOURCE DATA FOUND
- Source citation: Work cat.: (NUST): Collings, Steve, Interpretation and application of international standards on auditing /, 2011
